01724nam a2200385 a 4500001001200000003000800012006001900020007001500039008004100054010001700095020001500112020001800127020002700145040002100172035002100193041001800214050002300232082001200255111009100267245019000358260005900548300002600607490006900633500007700702504004100779533015200820546003300972650004101005655002901046700002001075710004901095710001701144830005101161856012601212ebr10495903CaPaEBRm u cr cn|||||||||830711s1983 ne a sb 101 0 eng d z 83171140  z9027230110 z9789027230119 z9789027282132 (e-book) aCaPaEBRcCaPaEBR a(OCoLC)7501929770 aengafreager14aPA2080b.I5 1981eb04a4752192 aInternational Colloquium on Latin Linguisticsn(1st :d1981 :cAmsterdam, Netherlands)10aLatin linguistics and linguistic theoryh[electronic resource] :bproceedings of the 1st International Colloquium on Latin Linguistics, Amsterdam, April 1981 /cedited by Harm Pinkster. aAmsterdam ;aPhiladelphia :bJ. Benjamins Pub.,c1983. axviii, 307 p. :bill.1 aStudies in language companion series (SLCS),x0165-7763 ;vv. 12 aOrganized by the Dept. of Latin at the University of Amsterdam--Preface. aIncludes bibliographies and indexes. aElectronic reproduction.bPalo Alto, Calif. :cebrary,d2011.nAvailable via World Wide Web.nAccess may be limited to ebrary affiliated libraries. aEnglish, French, and German. 0aLatin languagexGrammarvCongresses. 7aElectronic books.2local1 aPinkster, Harm.2 aUniversiteit van Amsterdam.bDept. of Latin.2 aebrary, Inc. 0aStudies in language companion series ;vv. 12.40uhttp://site.ebrary.com/lib/rucke/Doc?id=10495903zAn electronic book accessible through the World Wide Web; click to view